书目信息 |
| 题名: |
脆弱的物种
|
|
| 作者: | 托马斯 著 ;尹烨 译 | |
| 分册: | ||
| 出版信息: | 北京 中信出版集团股份有限公司 2024.01 |
|
| 页数: | 234页 | |
| 开本: | 20cm | |
| 丛书名: | ||
| 单 册: | ||
| 中图分类: | Q-49 | |
| 科图分类: | ||
| 主题词: | 生物学--sheng wu xue--普及读物 | |
| 电子资源: | ||
| ISBN: | 978-7-5217-6158-0 | |
| 000 | 01459nam0 2200265 450 | |
| 001 | 94650 | |
| 005 | 20250820192446.12 | |
| 010 | @a978-7-5217-6158-0@b精装@dCNY58.00 | |
| 100 | @a20240123d2024 em y0chiy50 ea | |
| 101 | 1 | @achi@ceng |
| 102 | @aCN@b110000 | |
| 105 | @ay z 000yy | |
| 106 | @ar | |
| 200 | 1 | @a脆弱的物种@Acui ruo de wu zhong@f(美) 刘易斯·托马斯著@d= The fragile species@fLewis Thomas@g尹烨译@zeng |
| 210 | @a北京@c中信出版集团股份有限公司@d2024.01 | |
| 215 | @a234页@d20cm | |
| 314 | @a刘易斯·托马斯, 医学家, 生物学家, 科普作家, 语源学家, 美国国家科学院院士。随笔集《细胞生命的礼费》美国国家图书奖。尹烨, 华大集团首席执行官。哥本哈根大学博王、基因组学研究员, 大连理工大学兼职教授。 | |
| 330 | @a本书分为四个部分。第一部分回顾自己的从医生涯, 反思医学的教育和发展, 呼吁人们正视医学中的无知, 重视基础研究。第二部分涉及更普遍的问题 —— 疾病、药物滥用与老龄化, 主张现代社会的发达国家有义务帮助贫困地区的人们改善卫生条件, 扩大基本医疗服务供给。第三部分从专业以外的视角谈自然、心智与未来。第四部分由一个大胆的设想作为主线: 地球有思想吗? 通过对“合作”、“沟通”和“联系”三个主题的讨论, 托马斯得出了颇为幽默的结论: 生命在于合作, 万物皆有联系, 未来亦当如此。 | |
| 500 | 10 | @aFragile species@mChinese |
| 606 | 0 | @a生物学@Asheng wu xue@j普及读物 |
| 690 | @aQ-49@v5 | |
| 701 | 1 | @a托马斯@Atuo ma si@g(Thomas, Lewis),@f1913-1993@4著 |
| 702 | 0 | @a尹烨@Ayin ye@4译 |
| 801 | 0 | @aCN@c20250909 |
| 905 | @a河南城建学院图书馆@dQ-49@eT960@f1 | |
| 脆弱的物种/(美) 刘易斯·托马斯著= The fragile species/Lewis Thomas/尹烨译.-北京:中信出版集团股份有限公司,2024.01 |
| 234页;20cm |
| ISBN 978-7-5217-6158-0(精装):CNY58.00 |
| 本书分为四个部分。第一部分回顾自己的从医生涯, 反思医学的教育和发展, 呼吁人们正视医学中的无知, 重视基础研究。第二部分涉及更普遍的问题 —— 疾病、药物滥用与老龄化, 主张现代社会的发达国家有义务帮助贫困地区的人们改善卫生条件, 扩大基本医疗服务供给。第三部分从专业以外的视角谈自然、心智与未来。第四部分由一个大胆的设想作为主线: 地球有思想吗? 通过对“合作”、“沟通”和“联系”三个主题的讨论, 托马斯得出了颇为幽默的结论: 生命在于合作, 万物皆有联系, 未来亦当如此。 |
| ● |
| 相关链接 |
|
|
|
正题名:脆弱的物种
索取号:Q-49/T960
 
预约/预借
| 序号 | 登录号 | 条形码 | 馆藏地/架位号 | 状态 | 备注 |
| 1 | 1628856 | 216288568 | 自科库401/401自科库 24排2列1层/ [索取号:Q-49/T960] | 在馆 |